The U.S.Financial Systems : (Record no. 349063)

000 -LEADER
fixed length control field 00620 a2200205 4500
003 - CONTROL NUMBER IDENTIFIER
control field OSt
005 - DATE AND TIME OF LATEST TRANSACTION
control field 20180116182939.0
008 - FIXED-LENGTH DATA ELEMENTS--GENERAL INFORMATION
fixed length control field 160830b xxu||||| |||| 00| 0 eng d
020 ## - INTERNATIONAL STANDARD BOOK NUMBER
International Standard Book Number 0131229125
040 ## - CATALOGING SOURCE
Transcribing agency 0
082 ## - DEWEY DECIMAL CLASSIFICATION NUMBER
Classification number 332.0973 KAU 1995
100 ## - MAIN ENTRY--PERSONAL NAME
Personal name Kaufman,George G.
245 ## - TITLE STATEMENT
Title The U.S.Financial Systems :
Remainder of title Money,Markets and Institutions.
Statement of responsibility, etc. George G.Kaufman.
250 ## - EDITION STATEMENT
Edition statement 6th.
260 ## - PUBLICATION, DISTRIBUTION, ETC.
Place of publication, distribution, etc. New Jersey.
Name of publisher, distributor, etc. Prentice Hall.
Date of publication, distribution, etc. 1995.
300 ## - PHYSICAL DESCRIPTION
Extent 695 p.
Other physical details photo copy
440 ## - SERIES STATEMENT/ADDED ENTRY--TITLE
Title The U.S.Financial Systems :Money,Markets and Institutions
500 ## - GENERAL NOTE
General note Hard cover
942 ## - ADDED ENTRY ELEMENTS (KOHA)
Institution code [OBSOLETE] NBS
Koha item type Book
Call number prefix 332.0973 KAU 1995
Source of classification or shelving scheme
Holdings
Withdrawn status Lost status Damaged status Not for loan Permanent Location Current Location Date acquired Total Checkouts Full call number Barcode Date last seen Date last checked out Price effective from Koha item type Source of classification or shelving scheme Collection code Shelving location
        Central Library (CL) Central Library (CL) 08/28/2013 1 332.0973 KAU NBSP-100 11/22/2017 07/25/2017 08/28/2013 Book      
        Central Library (CL) Central Library (CL) 08/30/2016 1 332.0973 KAU 1995 NBSP-99 11/22/2017 07/25/2017 08/30/2016 Book     General Stacks
© 2023 Central Library, National University of Sciences and Technology. All Rights Reserved.